| 000 | 00926naa a22003737a 4500 | ||
|---|---|---|---|
| 001 | BR8706830 | ||
| 003 | BR-BrBNA | ||
| 005 | 20250721154528.0 | ||
| 007 | ta | ||
| 008 | 250630b bl.|||m| |||| 00| 0 por d | ||
| 040 |
_aBR-BrBNA _bpor _cBiblioteca Nacional de Agricultura |
||
| 041 | _a(Pt) | ||
| 072 | _aS20; E80 | ||
| 090 | _aS20 BR8706830 | ||
| 100 | 1 | _aAnon. | |
| 245 | 1 | _aNao jogue fora boas ideias | |
| 500 | _aProeza Poe a Mesa Rio de Janeiro, RJ (Brasil): 1981. p. 28-35 (BR8706830-AMS) | ||
| 650 | _aCULINARIA | ||
| 650 | _aDOCE | ||
| 650 | _aSUCO | ||
| 650 | _aFARINHA | ||
| 650 | _aLINGUICA | ||
| 650 | _aFRUTA | ||
| 650 | _aLEGUME | ||
| 650 | _aOURICURI | ||
| 650 | _aGIRASSOL | ||
| 650 | _aCAFE | ||
| 650 | _aMANTEIGA | ||
| 650 | _aQUEIJO | ||
| 650 | _aOVO | ||
| 490 |
_aCada Cabeca e um Mundo (Brazil) _vno. 14 |
||
| 942 |
_cAMS _2AGRIS |
||
| 909 |
_a202506 _bLúcia _c55 _dLúcia Elande |
||
| 999 |
_c335389 _d335389 |
||